Theologia moralis brevi claraque methodo compehensa atque juxta sacros canones et novissima decreta summorum...

Detalles Bibliográficos
Autor principal: REIFFENSTUEL, Anacleto
Formato: Libro
Publicado: Amberes 1753
Edición:9a. ed.
Materias:
Colección:Banco de datos
Acervo:Biblioteca del Convento de San Pablo. Yuririahupándaro. Guanajuato
Descripción Física:t. II
Tema general:Teología
Notas:Mala. Encuadernado con el t. I. 2C6, 7.
LEADER 00777nam a22002170004500
035 |a 36686 
036 |a 2327 
100 1 |a REIFFENSTUEL, Anacleto 
245 1 0 |a Theologia moralis brevi claraque methodo compehensa atque juxta sacros canones et novissima decreta summorum... 
250 |a 9a. ed. 
260 |a Amberes  |b Marco Miguel Bousquet imp.  |c 1753 
300 |a t. II 
500 |a Mala. Encuadernado con el t. I. 2C6, 7. 
650 1 0 |a Teología 
949 |a CRG-CY 
959 |a Ex convento de San Pablo, Museo Regional de Yuririahpúndaro, Guanajuato  |b CCC9 
960 |a Convento San Pablo Yuririahpúndaro, Guanajuato  |b DD86 
961 |a Agustina  |b OA 
942 |c CRG-CY 
943 |g Biblioteca del Convento de San Pablo. Yuririahupándaro. Guanajuato 
999 |c 957352  |d 957352